000 00429nam a2200169Ia 4500
008 220216s9999 xx 000 0 und d
100 _aHolkamp D
245 0 _aMicroanalysis of flaws in rubber compounds
260 _bKautschuk Gummi Kunststoffe
_c1991
300 _a1007-1010
650 _aFlaws in Rubber chemicals
650 _aLAMMA
650 _aMicroanalysis
700 _aBayer G
700 _aHolm R
942 _cJS
999 _c62896
_d62896